000 00794nam a22001457a 4500
008 110627t xxu||||| |||| 00| 0 eng d
010 _aHCMAF108
245 _aHigh Court (Commercial Court Division) HCT-00-CC-MA-0645-2008 (Arising from HCT-00-CC-CS-0282-2008) Maria Odido Vs Barclays Bank of Uganda LTD
260 _c2008
500 _aBefore: Hon. Mr. Lameck N. Mukasa
999 _c4075
_d4075